| 000 | 01043nam a2200301 i 4500 | ||
|---|---|---|---|
| 001 | 12944 | ||
| 003 | ES-MaACL | ||
| 005 | 20250818102742.0 | ||
| 007 | t| | ||
| 008 | 960617s1995 sp ||||0| spa d | ||
| 016 | 7 | _z00000000043425 | |
| 020 | _a84-8173-038-6 | ||
| 040 |
_aVA-BCL _bspa _cVA-BCL |
||
| 080 | _a929 Pedro (460) I | ||
| 080 | _a946.0"13" | ||
| 100 | 1 |
_aDíaz Martín, Luis Vicente. _944343 |
|
| 245 | 1 | 0 |
_aPedro I, 1350-1369 / _cLuis Vicente Díaz Martín. |
| 260 |
_aPalencia : _bDiputación Provincial ; _a[Burgos] : _bLa Olmeda, _c[1995] |
||
| 300 |
_a407 p., [8] p. de lám ; _c22 cm. |
||
| 490 | 1 |
_aCorona de España. I. Reyes de Castilla y León ; _v6 |
|
| 504 | _aBibliografía. | ||
| 600 | 0 | 4 |
_aPedro _bI, _cRey de Castilla _989923 |
| 651 | 4 |
_aEspaña- _xHistoria- _yS.XIV. _98351 |
|
| 710 | 1 |
_aPalencia (Provincia). _bDiputación Provincial. _96107 |
|
| 830 | 0 | 0 |
_aCorona de España. _pReyes de Castilla y León _v6 _9179243 |
| 852 |
_aES-MaACL _jL-20301 _bR.126062 |
||
| 999 |
_c12944 _d12944 |
||